Sports Quiz

Random Sports Quiz

Portuguese selection best scorers Quiz Stats

Quiz not verified by Sporcle

Also try: Cricket Outs
Challenge
Share
Tweet
Embed
Score 0/12 Timer 02:00
0 Plays Today
Name % Correct
Cristiano Ronaldo
96%
Eusébio
93.1%
Figo
91.5%
Pauleta
85.8%
Nuno Gomes
82.2%
Rui Costa
73.3%
Simão Saborosa
57.1%
João Pinto
55.9%
José Torres
33.6%
Nené
32%
Jordão
27.1%
Peyroteo
17.8%

You're not logged in!

Compare scores with friends on all Sporcle quizzes.
Sign Up with Email
OR
Log In

You Might Also Like...

Show Comments

Extras

Top Quizzes Today


Score Distribution

Your Account Isn't Verified!

In order to create a playlist on Sporcle, you need to verify the email address you used during registration. Go to your Sporcle Settings to finish the process.